Islam, Sharia and alternative dispute resolution : (Record no. 613484)

000 -LEADER
fixed length control field 01829cam a2200385 i 4500
001 - CONTROL NUMBER
control field 23980667
005 - DATE AND TIME OF LATEST TRANSACTION
control field 20250327121558.0
006 - FIXED-LENGTH DATA ELEMENTS--ADDITIONAL MATERIAL CHARACTERISTICS
fixed length control field m |o d |
007 - PHYSICAL DESCRIPTION FIXED FIELD--GENERAL INFORMATION
fixed length control field cr |||||||||||
008 - FIXED-LENGTH DATA ELEMENTS--GENERAL INFORMATION
fixed length control field 240826s2013 enka ob 001 0 eng
010 ## - LIBRARY OF CONGRESS CONTROL NUMBER
LC control number 2024729334
020 ## - INTERNATIONAL STANDARD BOOK NUMBER
International Standard Book Number 9780857733795
Qualifying information ebook
020 ## - INTERNATIONAL STANDARD BOOK NUMBER
Canceled/invalid ISBN 9781848857322
Qualifying information cloth
020 ## - INTERNATIONAL STANDARD BOOK NUMBER
Canceled/invalid ISBN 1848857322
Qualifying information cloth
040 ## - CATALOGING SOURCE
Original cataloging agency DLC
Language of cataloging eng
Description conventions rda
-- pn
Transcribing agency DLC
050 00 - LIBRARY OF CONGRESS CALL NUMBER
Classification number KBP144
082 04 - DEWEY DECIMAL CLASSIFICATION NUMBER
Classification number 347.16709
Author Mark KES
100 1# - MAIN ENTRY--PERSONAL NAME
Personal name Keshavjee, Mohamed M.,
Relator term author.
9 (RLIN) 94357
245 10 - TITLE STATEMENT
Title Islam, Sharia and alternative dispute resolution :
Remainder of title mechanisms for legal redress in the Muslim community /
Statement of responsibility, etc. Mohamed M. Keshavjee.
264 #1 - PRODUCTION, PUBLICATION, DISTRIBUTION, MANUFACTURE, AND COPYRIGHT NOTICE
Place of production, publication, distribution, manufacture London ;
-- New York :
Name of producer, publisher, distributor, manufacturer I.B. Tauris,
Date of production, publication, distribution, manufacture, or copyright notice [2013]
300 ## - PHYSICAL DESCRIPTION
Extent 1 online resource (xv, 237 pages) :
Other physical details illustrations.
336 ## - CONTENT TYPE
Content type term text
Content type code txt
Source rdacontent
337 ## - MEDIA TYPE
Media type term computer
Media type code c
Source rdamedia
338 ## - CARRIER TYPE
Carrier type term online resource
Carrier type code cr
Source rdacarrier
504 ## - BIBLIOGRAPHY, ETC. NOTE
Bibliography, etc. note Includes bibliographical references (pages 220-231) and index.
505 0# - FORMATTED CONTENTS NOTE
Formatted contents note Introduction -- The Muslim community in Britain -- Overview of the Hounslow Muslim community -- The Sharia, religious law of Muslims -- The Muslim Law (Shariah) Council (UK) -- The many faces of ADR in Hounslow -- The case for court-invoked adjudication -- Towards an Islamic model of ADR -- Policy considerations.
588 ## - SOURCE OF DESCRIPTION NOTE
Source of description note Description based on print version record; resource not viewed.
650 #0 - SUBJECT ADDED ENTRY--TOPICAL TERM
Topical term or geographic name entry element Islamic law.
650 #0 - SUBJECT ADDED ENTRY--TOPICAL TERM
Topical term or geographic name entry element Dispute resolution (Law)
Geographic subdivision Islamic countries.
9 (RLIN) 128545
650 #0 - SUBJECT ADDED ENTRY--TOPICAL TERM
Topical term or geographic name entry element Islamic law
General subdivision Interpretation and construction.
9 (RLIN) 532
776 08 - ADDITIONAL PHYSICAL FORM ENTRY
Relationship information Print Version:
Title Islam, Sharia and alternative dispute resolution
Place, publisher, and date of publication London ; New York : I.B. Tauris, [2013]
International Standard Book Number 9781848857322
Record control number (DLC) 2013363677
906 ## - LOCAL DATA ELEMENT F, LDF (RLIN)
a 0
b cbc
c origcop
d 1
e ecip
f 20
g y-gencatlg
942 ## - ADDED ENTRY ELEMENTS (KOHA)
Source of classification or shelving scheme
Koha item type Book
Holdings
Withdrawn status Lost status Source of classification or shelving scheme Damaged status Not for loan Permanent Location Current Location Date acquired Total Checkouts Full call number Barcode Date last seen Price effective from Koha item type Source of acquisition
          NUST Law School (NLS) NUST Law School (NLS) 03/27/2025   347.16709 KES NLS-1613 03/27/2025 03/27/2025 Book  
          NUST Law School (NLS) NUST Law School (NLS) 06/26/2025   347.16709 KES NLS-2090 06/26/2025 06/26/2025 Book Pakistan Law House
          NUST Law School (NLS) NUST Law School (NLS) 06/26/2025   347.16709 KES NLS-2091 06/26/2025 06/26/2025 Book Pakistan Law House
© 2023 Central Library, National University of Sciences and Technology. All Rights Reserved.